| 000 | 00648nab a2200193 4500 | ||
|---|---|---|---|
| 001 | 244442 | ||
| 003 | OSt | ||
| 005 | 20230919122415.0 | ||
| 007 | tu | ||
| 008 | 200917s2020||||||| | ||
| 040 |
_aDE-2950 _cDE-2950 |
||
| 245 | 0 | 0 |
_aHEP in Neuberesinchen soll neue Zufahrtsstraße erhalten _bHandel. Die Planungen für den Umbau des Einkaufszentrums in Neuberesinchen gehen in die finale Phase. Was der Projektentwickler dort vorhat/ _cThomas Gutke |
| 264 | _c2023 | ||
| 653 | _aFrankfurt (Oder) | ||
| 653 | _aHEP | ||
| 653 | _aUmbau | ||
| 773 | 0 |
_g34. Jahrgang (2023) Nr. 215 vom 14.09.2023, S. 13, mit Foto _tMärkische Oderzeitung |
|
| 942 |
_2z _cA |
||
| 999 |
_c372733 _d372733 |
||